000 00730nam a2200241Ia 4500
003 GCL
005 20240530095409.0
008 140319s9999 xx 000 0 ara d
040 _aGCL /
_cGCL
082 0 4 _a813.02
_bط/ك ق
100 1 _aكامل كيلانى
245 1 0 _aالتاجر مرمر /
_cكامل كيلانى
260 _aالقاهرة :
_bمطبعة الكيلانى الصغير
300 _a17 ص ؛
_c27 سم
490 _aقصص رياض الاطفال
_v0
650 0 4 _aالقصص القصيرة
650 0 4 _aقصص الاطفال
650 0 4 _aالاساطير
650 0 4 _aالقصص الفكاهية
650 0 4 _aالطيور
650 0 4 _aالحيوانات - قصص
942 _2ddc
_cBK
999 _c6826
_d6826